Statistiques concernant Les 10 meilleurs buteurs de l'Espagne au 21eme siécle.

Cliquez ici pour prendre le quiz!

Statistiques générales

  • Ce quiz a été pris 133 fois
  • Le résultat moyen est 4 sur 10

Statistiques - réponses

ButsJoueursPériode en
sélection
% Correct
38Fernando Torres2003-2014
87%
59David Villa2005-2017
75%
44Raul1996-2006
65%
17Pedro2010-
48%
34Alvaro Morata2014-
47%
23Sergio Ramos2005-2023
42%
35David Silva2006-2018
25%
17Ferran Torres2020-
24%
16Xabi Alonso2003-2014
16%
27Fernando Morientes1998-2007
14%

Distribution des résultats

Percentile par nombre de réponses

% des personnes avec chaque résultat

Votre développement - résultats

Vous n’avez pas pris ce quiz